LEADER 01331nam a2200277 i 4500 001 000000046174 003 CaOOAMICUS 005 20240123144404.0 008 150402s1789 it u000 u ita u 026 $ae.no ire. o,mi rori (3) 1789 (R) 040 $aSeMil$bita 100 1 $aBourdaloue, Louis,$c.$0(OLS)http://semarc/name/5823 245 10$aEsortazioni ed istruzioni cristiane del padre Luigi Bourdaloue della Compagnia di Gesų. Traduzione dal francese nell'italiano. 260 $aIn Venezia :$bPresso Gio: Antonio Pezzana,$c1789. 300 $aiv, 240 p. ;$c4°. 500 $aVignetta allegorica xilogr. su front. 500 $aSegn.: A-O? Pš? 500 $aTesto a due colonne 650 4$aPredicazione - Testi.$0(OLS)http://semarc/subject/510 700 1 $aPezzana, Giovanni Antonio,$c.$0(OLS)http://semarc/name/7353 850 $aSeMil 852 $aSeMil$W1$xVenegono$y1$m3D V 93 FA$j12329$B12329$CSeMilBibl$Z2$F12329 $8I 961 $aOmaggio: Biblioteca Seminario Duomo 996 $6245$aEsortazioni ed istruzioni cristiane del padre Luigi Bourdaloue della Compagnia di Gesų. Traduzione dal francese nell'italiano$9(OLS)http://semarc/title/68931 996 $6260$aIn Venezia :$bPresso Gio: Antonio Pezzana$9(OLS)http://semarc/publisher/34274 LEADER 01302nam a2200241 i 4500 001 000000207374 003 CaOOAMICUS 005 20111027000000.0 008 111027s1586 xx u000 u lat u 013 $a186152 040 $aSeMil$bita 245 10$a[Seneca, Lucius Annaeus] a M. Antonio Mureto correctus et notis illustratus. 260 $aRoma :$bapud Franciscus Zannettus,$c1586, 1585 ; Ed. : apud Bartholomaeum Grassium. 260 $a[S.l.] :$bapud Bartholomaeum Grassium,$c1586, 1585 ; Ed. : apud Bartholomaeum Grassium. 300 $a22 x 32,5 ;$cpp. 562 ;$cgr. e rom. 500 $aDescrizione da : Incunaboli e Cinquecentine della Biblioteca del Seminario di Milano / catalogo a cura di Ubaldo Valentini, Milano 1981. - Numero di Catalogo : 1431. 700 1 $aSeneca, Lucius Anneus,$d<4 a.C.-65 d.C.>.$0(OLS)http://semarc/name/764 850 $aSeMil 852 $aSeMil$W1$xVenegono$y1$mFV.C IV 24$j157836$B157836$CSeMilBibl$Z2$F169067 $86 961 $aRecupero: Ronchetti Maria 996 $6245$a[Seneca, Lucius Annaeus] a M. Antonio Mureto correctus et notis illustratus$9(OLS)http://semarc/title/299946 996 $6260$a[S.l.] :$bapud Bartholomaeum Grassium$9(OLS)http://semarc/publisher/52187 996 $6260$aRoma :$bapud Franciscus Zannettus$9(OLS)http://semarc/publisher/52188